| 000 | 00504nam a2200181Ia 4500 | ||
|---|---|---|---|
| 001 | 13584 | ||
| 005 | 20260306164812.0 | ||
| 008 | 260306t2015||||xx |||||||||||||| ||spa|| | ||
| 041 | _aESP | ||
| 082 |
_a004.7 _bW95 |
||
| 100 |
_aWu, Caesar _eAUT |
||
| 245 | 0 |
_aCloud data centers and cost modeling: _ba complete guide to planning, designing and building a cloud data center |
|
| 260 | _c2015 | ||
| 300 |
_axxi, 825 páginas : _c23 cm. |
||
| 650 | _aGEN | ||
| 654 | _aCCC | ||
| 942 |
_cLIB _dJUS _fJUS _2ddc _n |
||
| 999 |
_c13584 _d13584 |
||